Statistics for how well do you know t foz

Click here to take the quiz!

General Stats

  • This quiz has been taken 6 times
  • The average score is 5 of 10

Answer Stats

QuestionAnswer% Correct
when is t foz's birthday?28th October
100%
what is t foz's favourite drink?apple juice
60%
what is t foz's brother called?brodie
60%
what's T foz's middle name?Elsie
60%
what t foz's favourite colour?red
60%
what does t foz want to be in life?all of the above
40%
who is T foz's best friend?Iveta
40%
who is t foz's favourite music artist?Morgan Wallen
40%
how many pets does T foz have?3
20%
who is tyler's celeb crush?austin butler
20%

Score Distribution

Percentile by Number Answered

Percent of People with Each Score

Your Score History

You have not taken this quiz